000 02913nam2a22003971 4500
001 rc\720709
005 20250621233034.0
010 _a5-89091-013-2
_98000
035 _a(NLR Aleph) 005977306
090 _a6991877
_c6991877
100 _a20031121d1997 |||y0rusy50 ca
101 0 _arus
102 _aRU
105 _ay |||||||||
200 0 _aТ. 10
210 _d1997
_aБ. м.
215 _a415 с.
327 1 _aСодерж.: Романы: Открытие Рафлза Хоу; Маракотова бездна. Рассказы: Необычайный эксперимент в Кайнплатце; Тайна замка Горсори-Грэндж; Джордж Венн и привидение; Почему в новых домах водятся привидения; Карета призраков; Секрет комнаты кузена Джеффри; Злополучный выстрел; Тайна Колверли-Корта; Ужас расщелины Голубого Джона; Рука-призрак
461 0 _1001rc\1188699
_12001#$aСобрание сочинений$fКонан Дойль$g[Сост. А.В. Глебовской]$vТ. 10
_1700#1$aДойль$bА.К.$gАртур Конан$f1859-1930
_96957777
_aДойл, А. К. (1859-1930)
_cСПб.
_d1997
_fКонан Дойль
_nСимпозиум
_tСобрание сочинений
_y5890910035
_vТ. 10
464 0 _12001#$aОткрытие Рафлза Хоу
_tОткрытие Рафлза Хоу
464 0 _12001#$aМаракотова бездна
_tМаракотова бездна
464 0 _12001#$aНеобычайный эксперимент в Кайнплатце
_tНеобычайный эксперимент в Кайнплатце
464 0 _12001#$aТайна замка Горсори-Грэндж
_tТайна замка Горсори-Грэндж
464 0 _12001#$aДжордж Венн и привидение
_tДжордж Венн и привидение
464 0 _12001#$aПочему в новых домах водятся привидения
_tПочему в новых домах водятся привидения
464 0 _12001#$aКарета призраков
_tКарета призраков
464 0 _12001#$aСекрет комнаты кузена Джеффри
_tСекрет комнаты кузена Джеффри
464 0 _12001#$aЗлополучный выстрел
_tЗлополучный выстрел
464 0 _12001#$aТайна Колверли-Корта
_tТайна Колверли-Корта
464 0 _12001#$aУжас расщелины Голубого Джона
_tУжас расщелины Голубого Джона
464 0 _12001#$aРука-призрак
_tРука-призрак
801 0 _aRU
_bNLR
_gpsbo
801 1 _aRU
_bELAR
_2rusmarc
852 _aNLR
_j96-3/8396
942 _cBOOK
980 _aNB